| 000 | 00692nam a22002177a 4500 | ||
|---|---|---|---|
| 003 | OSt | ||
| 005 | 20260609093700.0 | ||
| 008 | 260609b |||||||| |||| 00| 0 eng d | ||
| 020 | _a9780073378756 | ||
| 040 | _cChuka University Library | ||
| 050 |
_aLB 1775.2 _b.S2 2010 |
||
| 100 |
_aSadker David Miller, Karen R. Zittleman _927705 |
||
| 245 | _aTeachers, Schools and Society | ||
| 250 | _a9th Ed. | ||
| 260 |
_aNew York _bMcGraw Hill _c2010 |
||
| 300 |
_axxiv, 473P in Various Pagings _bColored Illustrations |
||
| 650 |
_aTeaching _99404 |
||
| 650 |
_aEducation- Study and Teaching- United States _927706 |
||
| 650 |
_aTeachers- Training of- United States _927707 |
||
| 942 |
_2lcc _cBK _n0 |
||
| 999 |
_c23557 _d23557 |
||